Le Japon / (Record no. 177281)

MARC details
000 -LEADER
campo de control de longitud fija 00860nam a2200265 i 4500
001 - NÚMERO DE CONTROL
campo de control 177281
003 - IDENTIFICADOR DE NÚMERO DE CONTROL
campo de control ES-MaACL
005 - FECHA Y HORA DE LA ÚLTIMA TRANSACCIÓN
campo de control 20230906220308.0
007 - CAMPO FIJO DE DESCRIPCIÓN FÍSICA--INFORMACIÓN GENERAL
campo de control de longitud fija t|
008 - DATOS DE LONGITUD FIJA--INFORMACIÓN GENERAL
campo de control de longitud fija 110314s1970 fr abdf ||||1| fre d
080 ## - NÚMERO DE LA CLASIFICACIÓN DECIMAL UNIVERSAL
Número de la Clasificación Decimal Universal 911.3(520)
100 1# - ENTRADA PRINCIPAL--NOMBRE DE PERSONA
Nombre de persona Derruau, Max.
9 (RLIN) 43800
245 13 - MENCIÓN DEL TÍTULO
Título Le Japon /
Mención de responsabilidad, etc. par Max Derruau.
250 ## - MENCION DE EDICION
Mención de edición [2e éd. mise à jour].
260 ## - PUBLICACIÓN, DISTRIBUCIÓN, ETC.
Lugar de publicación, distribución, etc. Paris :
Nombre del editor, distribuidor, etc. Presses Universitaires de France,
Fecha de publicación, distribución, etc. 1970.
300 ## - DESCRIPCIÓN FÍSICA
Extensión 278, [8] p. de lám. bl. y n. :
Otras características físicas il. bl. y n. ;
Dimensiones 19 cm.
490 1# - MENCIÓN DE SERIE
Mención de serie Magellan. La Géographie et ses problèmes ;
Designación de volumen o secuencia 26
500 ## - NOTA GENERAL
Nota general Índices.
504 ## - NOTA DE BIBLIOGRAFÍA, ETC.
Nota de bibliografía, etc. Bibliografía: p. 271-276.
546 ## - NOTA DE IDIOMA
Nota de lengua/lenguaje Texto en francés.
651 #4 - PUNTO DE ACCESO ADICIONAL DE MATERIA--NOMBRE GEOGRÁFICO
Nombre geográfico Japón-
Subdivisión general Geografía humana.
9 (RLIN) 145616
830 0# - PUNTO DE ACCESO ADICIONAL DE SERIE-TÍTULO UNIFORME
Título uniforme Magellan. La Géographie et ses problèmes ;
Designación de volumen o secuencia 26
9 (RLIN) 182333
852 ## - LOCALIZACIÓN
Ubicación ES-MaACL
Número de control de estantería E-14680
Encuadernación Olim P-507
Holdings
Estatus retirado Estado de pérdida Estado de daño No para préstamo Biblioteca de origen Biblioteca actual Ubicación en estantería Fecha de adquisición Fuente de adquisición Total de préstamos Signatura topográfica completa Código de barras Visto por última vez Precio de reemplazo Tipo de ítem Koha
        Biblioteca del Ateneo de Madrid Biblioteca del Ateneo de Madrid Depósito 2 14/03/2011     E-14680 1186198 23/02/2023 23/02/2023 Libro impreso